Derry Girls Trivia - Statistics

General Stats
  • This quiz has been taken 514 times
  • The average score is 10 of 20
Answer Stats
Question Answer % Correct
What are the tears that the statue cries? Dog urine
84%
Where are the refugees that come as part of an exchange programme from? Ukraine
80%
How many members of the main cast are actually from Derry? 2
74%
What does Michelle decide is her new thing in S1Ep1? Motherf**ker
74%
What animal escapes from the zoo, stopping the gang from seeing Take That? Polar Bear
72%
What subject is the 'big exam' for? History
68%
Where is the school trip to in S1Ep2 Paris
65%
How old was Sister Declan when she died? 95
62%
Which US politican visits in S2Ep6? Bill Clinton
62%
Who does Orla take as her prom date? Granda Joe
59%
What does James' mother's company make? Labels/Stickers
59%
How does Claire describe herself in S1Ep6? the wee lesbian
53%
What does Claire think is the "left field" way to earn money? Get a job
44%
What is the theme of the prom? 50's
37%
Why does Ma Mary call Erin when she's at Friends Across The Baricades? "Ask Michelle if her ma got a new big bowl"
32%
What is the name of the new english teacher the gang is obsessed with? Ms De Brun
31%
Whose life is the show based on? Lisa Mcgee
29%
What is the name of the man that the family find in the boot of their car? Emmett
25%
What does Claire's dad say about the bomb on the bridge? The wee robots do all the work
11%
What is left in the washing machine that dyes the gangs uniform pink? The dockett
8%
No matching quizzes found
Score Distribution
Percent of People with Each Score
Percentile by Number Answered
Your Score History
You have not taken this quiz